[Event "Somov Memorial 2013"]
[Site "Kirishi RUS"]
[Date "2013.05.11"]
[Round "3.2"]
[White "Karthikeyan,M2"]
[Black "Aravindh,Chithambaram VR."]
[Result "1-0"]
[WhiteElo "2435"]
[BlackElo "2328"]

1.e4 c5 2.Nf3 Nc6 3.Bb5 g6 4.O-O Bg7 5.Re1 Nf6 6.e5 Nd5 7.Nc3 Nc7 8.Bxc6 dxc6
9.Ne4 Ne6 10.d3 O-O 11.Be3 b6 12.Qd2 Nd4 13.Nxd4 cxd4 14.Bh6 c5 15.h4 Qd5
16.Bxg7 Kxg7 17.Qf4 Bb7 18.f3 h6 19.b3 Bc8 20.Re2 Be6 21.Rf1 b5 22.h5 c4
23.Qh4 Qxe5 24.hxg6 fxg6 25.Rfe1 cxd3 26.cxd3 Bf7 27.b4 a5 28.a3 axb4 29.axb4 Ra3
30.Nc5 Qf6 31.Qe4 Rfa8 32.Qxe7 Qxe7 33.Rxe7 Ra1 34.Ne6+ Kf6 35.Nxd4 Rxe1+
36.Rxe1 Rd8 37.Nxb5 Rxd3 38.Rb1 Bc4 39.Na7 Rd7 40.Nc6 Bb5 41.Na5 g5 42.Nb3 Kf5
43.Rc1 Kg6 44.Rc8 Rd1+ 45.Kh2 Rb1 46.Rb8 Bd3 47.Nd4 Rb2 48.Rb6+ Kh7 49.Kg1 h5
50.Ne6 g4 51.fxg4 hxg4 52.Kh2 Bf1 53.Nf4 Rb3 54.Nd5 Kg7 55.Nf4 Kh7 56.g3 Bc4
57.Nh5 Be2 58.Kg2 Bd1 59.Kf2 Bf3 60.Nf6+ Kg7 61.Nd7 Kf7 62.Nc5 Rc3 63.Rd6 Rc4
64.Nd3 Ke7 65.Rb6 Kd8 66.Ne5 Rc3 67.Rd6+ Ke7 68.Rd4 Rc2+ 69.Ke3 Rc3+ 70.Rd3 Rxd3+
71.Kxd3 Bd1 72.Kd2 Ba4 73.Nxg4 Ke6 74.Kd3 Kd5 75.Ne3+ Ke5 76.Nc4+ Kf5 77.Ke3 Kg4
78.Kf2 Kf5 79.Ke3 Kg4 80.Kf2 Kf5 81.b5 Ke6 82.b6 Kd7 83.Na5  1-0

[Event "HC Andersen Open 2013"]
[Site "Odense DEN"]
[Date "2013.05.11"]
[Round "6.15"]
[White "Becker,Martin"]
[Black "Nielsen,JB"]
[Result "0-1"]
[WhiteElo "1910"]
[BlackElo "2161"]

1.e4 c5 2.Nf3 Nc6 3.Bb5 g6 4.O-O Bg7 5.Re1 Qb6 6.Nc3 Nd4 7.Bc4 e6 8.d3 Ne7
9.Nxd4 cxd4 10.Ne2 O-O 11.a4 h6 12.Bd2 d6 13.b4 Bd7 14.Qb1 Rad8 15.a5 Qc7
16.b5 Bc8 17.Bb4 b6 18.Qa2 Bb7 19.Qa3 Rfe8 20.Nf4 Be5 21.Ne2 g5 22.Ng3 Ng6
23.Bb3 d5 24.exd5 Bxd5 25.Bxd5 Rxd5 26.axb6 axb6 27.Qa4 Rc8 28.Rec1 Qd7 29.Ne4 Qxb5
30.c4 dxc3 31.Qxb5 Rxb5 32.Bxc3 Nf4 33.Kf1 Nxd3 34.Rc2 f5 35.Bxe5 Rxc2 36.Ra8+ Kh7
37.Rh8+ Kg6 38.Rg8+ Kf7 39.Rg7+ Kf8  0-1

[Event "31st Liechtenstein Open 2013"]
[Site "Triesen LIE"]
[Date "2013.05.11"]
[Round "9.14"]
[White "Benes,Pe1"]
[Black "Hommeles,T"]
[Result "0-1"]
[WhiteElo "2097"]
[BlackElo "2431"]

1.e4 c5 2.Nf3 Nc6 3.Bb5 g6 4.O-O Bg7 5.Re1 Nf6 6.h3 O-O 7.Nc3 Nd4 8.Bc4 Ne8
9.a4 Nc7 10.d3 d6 11.Nxd4 cxd4 12.Nd5 Nxd5 13.exd5 f5 14.Bg5 Rf7 15.Qd2 f4
16.Bxf4 Qf8 17.Bg5 h6 18.Bh4 a6 19.Re2 Bd7 20.Qa5 g5 21.Bg3 Bf6 22.f3 Qc8
23.Qe1 Qf8 24.Bf2 Qg7 25.Qa5 Raf8 26.Qc7 Bc8 27.Qb6 h5 28.Re4 g4 29.hxg4 hxg4
30.f4 g3 31.Be1 Qh6 32.Bxg3 Rg7 33.Bf2 Rxg2+ 34.Kxg2 Qh3+ 35.Kg1 Kh8  0-1

[Event "Somov Memorial 2013"]
[Site "Kirishi RUS"]
[Date "2013.05.12"]
[Round "5.3"]
[White "Chigaev,M"]
[Black "Aravindh,Chithambaram VR."]
[Result "1-0"]
[WhiteElo "2455"]
[BlackElo "2328"]

1.e4 c5 2.Nf3 Nc6 3.Bb5 g6 4.Bxc6 dxc6 5.d3 Bg7 6.h3 Nf6 7.Nc3 O-O 8.O-O Nd7
9.Be3 e5 10.Qd2 Re8 11.Nh2 Qe7 12.Rae1 Nf8 13.f4 exf4 14.Bxf4 f6 15.Bh6 Bh8
16.Nd1 Nd7 17.Ne3 Ne5 18.Kh1 Be6 19.Qf2 Rad8 20.b3 Nf7 21.Bf4 b6 22.Nhg4 h5
23.Nh2 g5 24.Nf5 Bxf5 25.exf5 Qd7 26.Bd2 Rxe1 27.Rxe1 Re8 28.Rxe8+ Qxe8 29.Bc3 Nd6
30.g4 Nb5 31.Bb2 Nc7 32.c4 h4 33.Kg2 Qd7 34.Qe2 Qd6 35.Nf1 Bg7 36.Qf3 Na6
37.a3 Nb8 38.Nd2 Nd7 39.Ne4 Qe7 40.Kf2 Ne5 41.Qe3 Nf7 42.Ke2 Nd6 43.Nd2 Qd7
44.Kd1 Kf7 45.Nf3 Qe8 46.Qd2 Qd7 47.Kc2 Qe8 48.Bc3 Qd7 49.b4 cxb4 50.axb4 Ne8
51.Qe3 Nc7 52.Qe4 c5 53.bxc5 bxc5 54.Qb7 Bf8 55.Qxa7 Qc6 56.Nd2 Be7 57.Ne4 Na6
58.Bxf6 Qa4+ 59.Kd2 Qa5+ 60.Ke2 Qa2+ 61.Kf3  1-0

[Event "VIII American Continental 2013"]
[Site "Cochabamba BOL"]
[Date "2013.05.14"]
[Round "10.13"]
[White "Cornejo,M"]
[Black "Arias,Pab"]
[Result "1-0"]
[WhiteElo "2380"]
[BlackElo "2050"]

1.e4 c5 2.Nf3 Nc6 3.Bb5 e6 4.Bxc6 bxc6 5.d3 d5 6.c4 dxe4 7.dxe4 Qxd1+ 8.Kxd1 f6
9.e5 fxe5 10.Nxe5 Bd6 11.Re1 Nf6 12.f4 O-O 13.Nd2 Bxe5 14.fxe5 Nd7 15.Nf3 Nb8
16.Bg5 Re8 17.Ke2 h6 18.Be3 Na6 19.Rad1 Re7 20.Rd8+ Kh7 21.Red1 Bb7 22.Rxa8 Bxa8
23.a3 Bb7 24.Rd6 Kg6 25.Kd3 Kf5 26.h3 Kg6 27.g4 Kf7 28.Nd2 Re8 29.Rd7+ Re7
30.Rd6 Bc8 31.Ne4 Rd7  1-0

[Event "VIII American Continental 2013"]
[Site "Cochabamba BOL"]
[Date "2013.05.15"]
[Round "11.8"]
[White "Hambleton,A"]
[Black "Ynojosa,F"]
[Result "0-1"]
[WhiteElo "2468"]
[BlackElo "2371"]

1.e4 c5 2.Nf3 Nc6 3.Bb5 e6 4.Bxc6 bxc6 5.d3 d5 6.c4 Ne7 7.Nc3 Ng6 8.e5 f6
9.exf6 Qxf6 10.Qe2 Qf5 11.O-O Bd6 12.Bd2 O-O 13.Rad1 Ba6 14.Bc1 Rae8 15.h3 Bf4
16.Nd2 e5 17.Na4 Bc8 18.cxd5 cxd5 19.Nxc5 Qg5 20.Nf3 Qh5 21.Nd4 Qh6 22.Nc2 Bxc1
23.Rxc1 Nf4 24.Qe3 d4 25.Qe4 Bf5 26.Qf3 Bxh3 27.Ne1 Bxg2  0-1

[Event "VIII American Continental 2013"]
[Site "Cochabamba BOL"]
[Date "2013.05.15"]
[Round "11.3"]
[White "Bruzon Batista,L"]
[Black "Cori,J"]
[Result "0-1"]
[WhiteElo "2707"]
[BlackElo "2546"]

1.e4 c5 2.Nf3 Nc6 3.Bb5 d6 4.O-O Bg4 5.h3 Bxf3 6.Qxf3 e6 7.c3 a6 8.Bxc6+ bxc6
9.Re1 d5 10.d3 Nf6 11.e5 Nd7 12.Qg3 g6 13.Nd2 Be7 14.Nf3 h6 15.h4 Rb8 16.Re2 Kf8
17.Qh3 Kg7 18.h5 Qg8 19.hxg6 fxg6 20.d4 Qf7 21.dxc5 Bxc5 22.b4 Bb6 23.Be3 Qf5
24.Qg3 c5 25.a3 g5 26.Rd1 cxb4 27.axb4 Bc7 28.Ra1 Ra8 29.Rea2 a5 30.bxa5 Kh7
31.a6 Rhb8 32.Nd4 Qe4 33.Rc2 Nxe5 34.Nxe6 Rxa6 35.Rxa6 Rb1+ 36.Rc1 Rxc1+
37.Bxc1 Qe1+ 38.Kh2 Ng4+ 39.Kh3 Nxf2+  0-1

[Event "Open Hradec Kralove 2013"]
[Site "Hradec Kralove CZE"]
[Date "2013.05.15"]
[Round "1"]
[White "Kraus,To"]
[Black "Svec,L"]
[Result "1-0"]
[WhiteElo "2359"]
[BlackElo "1795"]

1.e4 c5 2.Nf3 Nc6 3.Bb5 Nf6 4.Bxc6 dxc6 5.d3 e6 6.Nc3 b5 7.O-O Bb7 8.Re1 Be7
9.a4 a6 10.Bg5 O-O 11.Bxf6 Bxf6 12.e5 Be7 13.Ne4 Rb8 14.Qe2 a5 15.c4 Qb6
16.b3 Rfd8 17.Qc2 Ba6 18.Rab1 Rd7 19.h4 Rbd8 20.Re3 Rb8 21.Nc3 Qa7 22.g4 Rdb7
23.Ree1 Rd7 24.g5 bxc4 25.dxc4 Rbd8 26.Rbd1 Qb8 27.Rxd7 Rxd7 28.Rd1 Qd8 29.Rxd7 Qxd7
30.Qd1 Qxd1+ 31.Nxd1 f6 32.exf6 gxf6 33.Nc3 Kf7 34.Ne4 Bb7 35.gxf6 Bxf6 36.Nd6+  1-0

[Event "Somov Memorial 2013"]
[Site "Kirishi RUS"]
[Date "2013.05.15"]
[Round "8.4"]
[White "Grib,R"]
[Black "Eliseev,U"]
[Result "1/2-1/2"]
[WhiteElo "2375"]
[BlackElo "2557"]

1.e4 c5 2.Nf3 Nc6 3.Bb5 d6 4.O-O Bd7 5.Re1 Nf6 6.c3 a6 7.Bf1 Bg4 8.h3 Bxf3
9.Qxf3 g6 10.Qd1 Bg7 11.Na3 O-O 12.Nc2 Rc8 13.d4 cxd4 14.Nxd4 Nxd4 15.Qxd4 Qa5
16.Be3 Rc6 17.Qd3 Qa4 18.Qd1 Qa5 19.Qb3 Qc7 20.g3 Nxe4 21.Bg2 Rc4 22.Bf1 Rc6
23.Bg2 Rc4  1/2-1/2

[Event "BSG Pinkstertoernooi 2013"]
[Site "Bussum NED"]
[Date "2013.05.17"]
[Round "1.14"]
[White "Van den Bergh,B"]
[Black "Jellema,Y"]
[Result "0-1"]
[WhiteElo "2007"]
[BlackElo "2222"]

1.e4 c5 2.Nf3 Nc6 3.Bb5 d6 4.Bxc6+ bxc6 5.d3 Rb8 6.O-O g6 7.h3 Bg7 8.e5 dxe5
9.Qe2 f6 10.Nc3 Be6 11.Na4 Nh6 12.Nxc5 Bf7 13.c3 O-O 14.b4 Nf5 15.a4 a5 16.Ba3 Nd6
17.bxa5 Qxa5 18.Nd7 Qxc3 19.Rfc1 Qa5 20.Nxb8 Rxb8 21.Bxd6 exd6 22.Rxc6 f5
23.Rac1 Bf8 24.Rc8 Rb7 25.Qc2 Bd5 26.Re8 Kf7 27.Qc8 Bh6 28.Rh8 Bxc1 29.Rxh7+ Kf6
30.Rxb7 Bxb7 31.Qxb7 Qxa4 32.g4 fxg4 33.Nh2 Qd1+ 34.Kg2 gxh3+ 35.Kxh3 Qxd3+
36.f3 Qc4 37.Ng4+ Ke6 38.Kg2 Bf4 39.Qb2 Qd5 40.Nf2 Be3 41.Ne4 Qc4  0-1

[Event "Asian Continental w 2013"]
[Site "Manila PHI"]
[Date "2013.05.18"]
[Round "1.1"]
[White "Ni,Shiqun"]
[Black "Tan Zhongyi"]
[Result "1/2-1/2"]
[WhiteElo "2213"]
[BlackElo "2483"]

1.e4 c5 2.Nf3 Nc6 3.Bb5 d6 4.O-O Bd7 5.Re1 Nf6 6.c3 a6 7.Bf1 Bg4 8.h3 Bxf3
9.Qxf3 g6 10.d3 Bg7 11.Qd1 Nd7 12.Nd2 O-O 13.Nf3 e5 14.Be3 Re8 15.a3 Nf6
16.Qd2 Qc7 17.b4 cxb4 18.cxb4 d5 19.Bg5 Rad8 20.Qa2 Qd7 21.Rac1 h6 22.Bxf6 Bxf6
23.Rc5 d4 24.Be2 Qe6 25.Qxe6 Rxe6 26.Rec1 Be7 27.R5c2 Bd6 28.Rb2 Na7 29.Nd2 Re7
30.Nb1 Rc8 31.Rbc2 Rxc2 32.Rxc2 Kg7 33.f3 Nb5 34.Bd1 h5 35.h4 Kf6 36.Rc1 Rc7  1/2-1/2

[Event "ch-KGZ Men 2013"]
[Site "Bishkek KGZ"]
[Date "2013.05.19"]
[Round "11"]
[White "Tologontegin,S"]
[Black "Takyrbashev,B"]
[Result "1-0"]
[WhiteElo "2356"]
[BlackElo "2234"]

1.e4 c5 2.Nf3 Nc6 3.Bb5 e5 4.O-O Bd6 5.c3 a6 6.Bc4 b5 7.Bd5 Nge7 8.d4 cxd4
9.cxd4 exd4 10.Ng5 Nxd5 11.exd5 Ne7 12.Qh5 Ng6 13.Re1+ Kf8 14.f4 f5 15.Nxh7+ Rxh7
16.Qxh7 Qh4 17.Qxh4 Nxh4 18.Nd2 Bb7 19.g3 Ng6 20.Nb3 Bxd5 21.Nxd4 Ne7 22.Be3 Be4
23.Nb3 Kf7 24.Bc5 Bxc5+ 25.Nxc5 d5 26.Rac1 a5 27.Nb3 a4 28.Nd4 b4 29.Rc7 Kf6
30.Rec1 b3 31.a3 Ra6 32.Kf2 Bd3 33.R1c3 Bc4 34.Re3 Ng6 35.Re8  1-0

[Event "Open Hradec Kralove 2013"]
[Site "Hradec Kralove CZE"]
[Date "2013.05.19"]
[Round "7"]
[White "Spanton,T"]
[Black "Chudinovskikh,A"]
[Result "0-1"]
[WhiteElo "2024"]
[BlackElo "2296"]

1.e4 c5 2.Nf3 Nc6 3.Bb5 g6 4.c3 Bg7 5.d4 cxd4 6.cxd4 Qb6 7.Bxc6 dxc6 8.h3 Qa6
9.Nc3 Nf6 10.Bg5 Be6 11.Qd2 h6 12.Be3 b5 13.Qc2 b4 14.Ne2 b3 15.Qb1 bxa2
16.Qc2 Rb8 17.Nd2 O-O 18.Nf4 Bc8 19.b3 Qb5 20.Rxa2 Ba6 21.Qc5 g5 22.Qxb5 Bxb5
23.Ne2 a6 24.f3 Rfd8 25.Kf2 Nd7 26.Rc1 e5 27.Nc4 exd4 28.Nxd4 Nc5 29.Nxb5 Nd3+
30.Kg3 axb5  0-1

[Event "Gligoric Cup 2013"]
[Site "Banja Koviljaca SRB"]
[Date "2013.05.22"]
[Round "3.2"]
[White "Dragovic,M"]
[Black "Ivanisevic,I"]
[Result "0-1"]
[WhiteElo "2374"]
[BlackElo "2655"]

1.e4 c5 2.Nf3 Nc6 3.Bb5 d6 4.O-O Bd7 5.Re1 Nf6 6.c3 a6 7.Bf1 Bg4 8.h3 Bh5
9.d3 e6 10.Nbd2 Be7 11.Nb3 d5 12.e5 Nd7 13.d4 O-O 14.Be2 Rc8 15.Be3 cxd4
16.Bxd4 Qc7 17.Nfd2 Bg6 18.Nf3 Nxd4 19.Nbxd4 Nc5 20.Nb3 Na4 21.Qd2 b5 22.Nc1 Nc5
23.Nd3 Ne4 24.Qe3 Qb8 25.a3 Bd8 26.Nd4 Bb6  0-1

[Event "22nd TCh-CRO Cup 2013"]
[Site "Bol na Bracu CRO"]
[Date "2013.05.23"]
[Round "3.21"]
[White "Stevic,H"]
[Black "Kozul,Z"]
[Result "1/2-1/2"]
[WhiteElo "2637"]
[BlackElo "2624"]

1.e4 c5 2.Nf3 Nc6 3.Bb5 g6 4.Bxc6 dxc6 5.d3 Bg7 6.h3 Nf6 7.Nc3 Nd7 8.Be3 e5
9.Qd2 h6 10.O-O b6 11.Nh2 g5 12.Ne2 Nf8 13.Ng3 Ng6 14.Nh5 O-O 15.Ng4 Qe7
16.Qc3 Kh7 17.f4 gxf4 18.Nxg7 Kxg7 19.Bxf4 Bxg4 20.hxg4 f6 21.Bg3 Qd7 22.Rf5 Qd4+
23.Bf2 Qxc3 24.bxc3 Nf4 25.Be3 Ne6 26.Kf2 Rh8 27.Rh1 Rh7 28.Rxh6 Rxh6 29.Bxh6+ Kg6
30.Be3 Rh8 31.g5 Nxg5 32.Bxg5 fxg5 33.Rxe5 Rh1 34.Re6+ Kf7 35.Rxc6 Rc1 36.Rc7+ Ke6
37.Rxa7 Rxc2+ 38.Ke3 c4 39.dxc4 Rxg2 40.a4 Rg1 41.Rb7 Ke5 42.Rxb6 Rg3+ 43.Kd2 Rh3
44.Kc2 Kxe4 45.a5 Rh8 46.a6 g4 47.Rg6 Kf3 48.c5 g3 49.c6 Rh7 50.Kd3 Ra7 51.Kc4 Rxa6
52.Kb5 Ra7 53.c4 g2 54.c5 Rh7 55.Kb6 Rh6 56.Rg8 Kf2 57.Kb7 Rh5 58.Kb6 Rh6
59.Kb7 Rh5 60.Rxg2+ Kxg2  1/2-1/2

[Event "Gligoric Cup 2013"]
[Site "Banja Koviljaca SRB"]
[Date "2013.05.24"]
[Round "5.1"]
[White "Radlovacki,J"]
[Black "Milanovic,Da"]
[Result "1-0"]
[WhiteElo "2423"]
[BlackElo "2487"]

1.e4 c5 2.Nf3 Nc6 3.Bb5 e6 4.Bxc6 bxc6 5.O-O Ne7 6.Re1 Ng6 7.c3 d5 8.d4 Be7
9.Ne5 Qc7 10.Qa4 cxd4 11.Nxc6 Bd7 12.exd5 Bd6 13.Na3 O-O 14.Nb5 Bxc6 15.dxc6 Qxc6
16.cxd4 Rfb8 17.Nc3 Qc7 18.g3 Rb4 19.Qd1 Rd8 20.a3 Rb7 21.Qf3 Rb3 22.Qe4 h6
23.Re2 Rdb8 24.Rc2 Qd7 25.Qg4 Qb7 26.Ra2 Kh8 27.Qh5 Qa6 28.Be3 Qd3 29.Rd2 Qc4
30.Qe2 Qc7 31.Ne4 Qc6 32.d5 exd5 33.Nxd6 Qxd6 34.Bxa7 R8b7 35.Bd4 Re7 36.Qd1 Qb8
37.Ra1 Re4 38.Qh5 Kh7 39.Qxd5 Rg4 40.Bc3 Rb5 41.Qd8 Qxd8 42.Rxd8 Nf4 43.Rd2 Nd5
44.a4 Rc5 45.a5 Nxc3 46.bxc3 Rc7 47.a6 Ra7 48.Rd6 Rc4 49.Ra3 g6 50.Rb6 Kg7
51.Rb7 Ra8 52.a7 Rcc8 53.Ra6 h5 54.h4  1-0

[Event "22nd TCh-CRO Cup 2013"]
[Site "Bol na Bracu CRO"]
[Date "2013.05.24"]
[Round "4.94"]
[White "Havas,Ja"]
[Black "Deur,Z"]
[Result "1-0"]
[WhiteElo "2114"]
[BlackElo "2119"]

1.e4 c5 2.Nf3 Nc6 3.Bb5 e6 4.Bxc6 bxc6 5.b3 d6 6.O-O e5 7.c3 Bg4 8.h3 Bxf3
9.Qxf3 Qf6 10.Qe2 Ne7 11.Na3 Nc8 12.Qa6 d5 13.f4 exf4 14.exd5 Rb8  1-0

[Event "e2e4 Sunningdale Open"]
[Site "Ascot ENG"]
[Date "2013.05.25"]
[Round "2"]
[White "Dydak,Mateusz"]
[Black "Varnam,L"]
[Result "0-1"]
[WhiteElo "1937"]
[BlackElo "2118"]

1.e4 c5 2.Nf3 Nc6 3.Bb5 g6 4.O-O Bg7 5.c3 Nf6 6.Re1 O-O 7.d4 cxd4 8.cxd4 d5
9.e5 Ne8 10.Nc3 Nc7 11.Bf1 Bg4 12.Be3 f6 13.Qb3 Bxf3 14.gxf3 fxe5 15.Qxb7 Qd6
16.Nb5 Nxb5 17.Bxb5 Nb4 18.dxe5 Bxe5 19.Bc5 Qxc5 20.Rxe5 Rab8 21.Qd7 Qxb5
22.Qxb5 Rxb5 23.Rxe7 Rf7 24.Re8+ Kg7 25.a3 Nd3 26.b4 Rd7 27.Rd1 Nb2 28.Rde1 Rbb7
29.R8e2 Nc4 30.a4 d4 31.b5 d3 32.Ra2 d2 33.Rd1 Rd4 34.Rc2 Re7 35.Kf1 Kf6
36.a5 Ke6 37.b6 axb6 38.axb6 Kd5 39.Ra2 Rb7 40.Ra7 Rxb6 41.Rd7+ Kc5 42.Rc7+ Kd6
43.Rxc4 Rxc4 44.Rxd2+ Ke6 45.Kg2 Rbc6 46.Rd8 Rc2 47.h4 h5 48.Rg8 Kf7 49.Ra8 Re6
50.Ra7+ Kf6 51.Kg3 Ree2 52.Ra6+ Kg7 53.Ra7+ Kh6  0-1

[Event "22nd TCh-CRO Cup 2013"]
[Site "Bol na Bracu CRO"]
[Date "2013.05.25"]
[Round "5.23"]
[White "Rogulj,B"]
[Black "Jankovic,A"]
[Result "0-1"]
[WhiteElo "2408"]
[BlackElo "2537"]

1.e4 c5 2.Nf3 Nc6 3.Bb5 d6 4.O-O Bd7 5.c3 Nf6 6.Re1 a6 7.Ba4 c4 8.d4 cxd3
9.Qxd3 g6 10.Bg5 Bg7 11.Nbd2 O-O 12.Bb3 h6 13.Be3 Na5 14.h3 Nxb3 15.axb3 Bc6
16.c4 Nd7 17.Bd4 e5 18.Bc3 Nc5 19.Qe3 a5 20.b4 axb4 21.Bxb4 Rxa1 22.Rxa1 f5
23.exf5 gxf5 24.Bxc5 dxc5 25.Nxe5 f4 26.Qxc5 Qg5  0-1

[Event "Hungarian National Open 2013"]
[Site "Zalakaros HUN"]
[Date "2013.05.25"]
[Round "4"]
[White "Gledura,B"]
[Black "Horvath,Ad1"]
[Result "0-1"]
[WhiteElo "2421"]
[BlackElo "2528"]

1.e4 c5 2.Nf3 Nc6 3.Bb5 e6 4.Bxc6 bxc6 5.b3 d6 6.e5 dxe5 7.Nxe5 Qd5 8.Nf3 Qe4+
9.Kf1 Qf5 10.Bb2 Nf6 11.Na3 Nd5 12.d3 f6 13.Qe2 e5 14.Nc4 Be7 15.Rg1 Qh5
16.Bc1 O-O 17.Bd2 Bd7 18.Re1 Rae8 19.a3 Kh8 20.Bc1 Nf4 21.Qe4 Bf5 22.Qe3 Bg4
23.Qe4 Nxg2 24.Kxg2 Qh3+  0-1

[Event "ch-CZE 2013"]
[Site "Ledec nad Sazavou CZE"]
[Date "2013.05.26"]
[Round "6.5"]
[White "Krejci,Jan2"]
[Black "Kislinsky,A"]
[Result "1/2-1/2"]
[WhiteElo "2505"]
[BlackElo "2574"]

1.e4 c5 2.Nf3 Nc6 3.Bb5 e5 4.O-O Bd6 5.c3 Nge7 6.d4 cxd4 7.cxd4 exd4 8.Nxd4 a6
9.Be2 O-O 10.Nc3 Be5 11.Be3 d5 12.exd5 Nb4 13.Nf3 Bxc3 14.bxc3 Nbxd5 15.Bd2 Qc7
16.Qc1 Ng6 17.Nd4 Bd7 18.c4 Ndf4 19.Bf3 Rad8 20.Be3 h6 21.Rb1 Bc8 22.Rd1 Qe5
23.Ne2 Nxe2+ 24.Bxe2 Bf5 25.Rxb7 Nh4 26.Rb3 Bh3 27.Bd4 Qxe2 28.Rxh3 Nf5 29.Rhd3 Rfe8
30.h3 Re4 31.Qa1 Qc2 32.Qc3 Qxc3 33.Bxc3  1/2-1/2

[Event "ZANOS 2013"]
[Site "Novi Sad/Vukovar SRB/CRO"]
[Date "2013.05.26"]
[Round "1.3"]
[White "Laketic,G"]
[Black "Dokic,Z"]
[Result "1-0"]
[WhiteElo "2420"]
[BlackElo "2224"]

1.e4 c5 2.Nf3 Nc6 3.Bb5 Nd4 4.Nxd4 cxd4 5.O-O g6 6.c3 Bg7 7.cxd4 Bxd4 8.Nc3 a6
9.Bc4 e6 10.d3 b5 11.Bb3 Qb6 12.Ne2 Ne7 13.Nxd4 Qxd4 14.Bh6 f5 15.Qe2 Bb7
16.Rfe1 Kf7 17.exf5 Nxf5 18.Bxe6+  1-0

[Event "TCh-SUI 2013"]
[Site "Switzerland SUI"]
[Date "2013.05.26"]
[Round "3.6"]
[White "Gaehwiler,G"]
[Black "Buss,Ra"]
[Result "1/2-1/2"]
[WhiteElo "2275"]
[BlackElo "2402"]

1.Nf3 c5 2.e4 Nc6 3.Bb5 d6 4.O-O Bd7 5.Re1 Nf6 6.c3 a6 7.Bxc6 Bxc6 8.e5 dxe5
9.Nxe5 Qd5 10.Nxc6 Qxc6 11.d4 Rd8 12.Be3 e6 13.Nd2 Be7 14.Qf3 Qxf3 15.Nxf3 Nd5
16.dxc5 Nxe3 17.Rxe3 Bxc5 18.Re5 Ba7 19.h4 Ke7 20.Rae1 Rd6 21.R5e4 Rhd8 22.g3 Rd1
23.Kf1 Rxe1+ 24.Kxe1 f6 25.Ke2 e5 26.Ne1 Bb8 27.Rc4 f5 28.Nc2 Bd6 29.Ra4 Ke6
30.g4 g6 31.Ne3 Be7 32.Ng2 h5 33.g5 Rc8 34.Ne3 Rc6 35.Rc4 Rxc4 36.Nxc4 Bd8
37.f3 b5 38.Nd2 Kd5 39.Kd3 Bb6 40.Ke2 Bg1 41.b3 Kc5 42.c4 b4 43.f4 e4 44.Nf1 Bd4
45.Ne3  1/2-1/2

[Event "e2e4 Sunningdale Open"]
[Site "Ascot ENG"]
[Date "2013.05.27"]
[Round "6"]
[White "Longson,A"]
[Black "Sarakauskas,G"]
[Result "1/2-1/2"]
[WhiteElo "2273"]
[BlackElo "2421"]

1.e4 c5 2.Nf3 Nc6 3.Bb5 g6 4.O-O Bg7 5.c3 Nf6 6.Re1 O-O 7.e5 Nd5 8.d4 cxd4
9.cxd4 d6 10.Nc3 Nxc3 11.bxc3 Qa5 12.Qa4 Qxa4 13.Bxa4 dxe5 14.Bxc6 bxc6 15.Nxe5 Bxe5
16.Rxe5 Be6 17.Rc5 Rfc8 18.Bf4 a5 19.a4 Ra6 20.Rb1 Rd8 21.c4 f6 22.Be3 Bf5
23.Rb2 e5 24.Rd2 exd4 25.Rxd4 Rxd4 26.Bxd4 Kf7 27.f3 Bc2 28.Bc3 Bxa4 29.Rxa5  1/2-1/2

[Event "ch-CZE 2013"]
[Site "Ledec nad Sazavou CZE"]
[Date "2013.05.28"]
[Round "8.4"]
[White "Krejci,Jan2"]
[Black "Rausis,I"]
[Result "1/2-1/2"]
[WhiteElo "2505"]
[BlackElo "2518"]

1.Nf3 c5 2.e4 Nc6 3.Bb5 g6 4.O-O Bg7 5.Re1 e5 6.Bxc6 dxc6 7.b3 Bg4 8.h3 Bxf3
9.Qxf3 Nf6 10.Bb2 Nd7 11.Na3 b5 12.Qg3 O-O 13.Nb1 Re8 14.a4 a6 15.Qe3 Qe7
16.Ba3 Qd6 17.d3 Qd4 18.Nd2 Bf8 19.Ra2 bxa4 20.bxa4 Rab8 21.a5 Qxe3 22.fxe3 f5
23.exf5 gxf5 24.e4 f4 25.Nc4 Kf7 26.Bb2 Ke6 27.Bc3 Be7 28.Rb2 Rb5 29.Reb1 Rg8
30.Rf1  1/2-1/2

[Event "35th Nezhmetdinov Cup"]
[Site "Kazan RUS"]
[Date "2013.05.31"]
[Round "1.25"]
[White "Ulibin,M"]
[Black "Chumachenko,Alexander"]
[Result "1-0"]
[WhiteElo "2523"]
[BlackElo "2119"]

1.e4 c5 2.Nf3 Nc6 3.Bb5 g6 4.O-O Bg7 5.c3 e5 6.d4 cxd4 7.cxd4 exd4 8.Bf4 Nge7
9.Bd6 O-O 10.Nbd2 Re8 11.Rc1 Qb6 12.Bc4 Bh6 13.b4 Nd8 14.Bc5 Qf6 15.Bxd4 Qd6
16.e5 Qxb4 17.Ne4 Ne6 18.Nf6+ Kf8 19.Bxe6 fxe6 20.Bc5 Qb2 21.Rc2 Qb5 22.Nd4 Qa5
23.Qf3 Bg7 24.Nd5+ Kg8 25.Nxe7+ Kh8 26.Qf7 Qd8 27.Nxg6+ hxg6 28.Rc3  1-0

[Event "6th Mayors Cup 2013"]
[Site "Mumbai IND"]
[Date "2013.05.31"]
[Round "4"]
[White "Ankit,R"]
[Black "Zubarev,Al1"]
[Result "1/2-1/2"]
[WhiteElo "2428"]
[BlackElo "2559"]

1.e4 c5 2.Nf3 Nc6 3.Bb5 g6 4.Bxc6 bxc6 5.O-O Bg7 6.Re1 Nh6 7.c3 O-O 8.d4 cxd4
9.cxd4 d6 10.h3 f6 11.Qc2 Bd7 12.Be3 Nf7 13.Nbd2 Qa5 14.Bf4 Qh5 15.e5 fxe5
16.dxe5 Qf5 17.Qxf5 Bxf5 18.Rac1 c5 19.Nc4 Rfc8 20.exd6 exd6 21.Nxd6 Nxd6
22.Bxd6 Bxb2 23.Rxc5 a5 24.Rb5 Bc3 25.Re3 Bg7 26.Be5 Bf8 27.Nd4 Rc1+ 28.Kh2 Bd7
29.Rd5 Be8 30.Nb3 Rc2 31.Rxa5 Rxa5 32.Nxa5 Rxa2 33.Bg3 Bb5 34.Nb3 Ra3 35.Rf3 Bc4
36.Nd2 Rxf3 37.Nxf3 Bd5 38.Ne5 Bg7 39.Nd7 Kf7 40.Nb6 Bb3 41.Nd7 Bd4 42.Ne5+ Bxe5
43.Bxe5  1/2-1/2

[Event "6th Mayors Cup 2013"]
[Site "Mumbai IND"]
[Date "2013.05.31"]
[Round "4"]
[White "Andriasian,Z"]
[Black "Babujian,L"]
[Result "0-1"]
[WhiteElo "2608"]
[BlackElo "2488"]

1.e4 c5 2.Nf3 Nc6 3.Bb5 g6 4.Bxc6 dxc6 5.d3 Bg7 6.h3 Nf6 7.Nc3 Nd7 8.Be3 e5
9.Qd2 h6 10.Nh2 Qe7 11.O-O Nf8 12.f4 exf4 13.Bxf4 Ne6 14.Bg3 Nd4 15.Rae1 Be6
16.Nf3 Rd8 17.b3 O-O 18.e5 Bd5 19.Nh2 h5 20.Ne4 Bxe4 21.Rxe4 Rd5 22.Bh4 Qc7
23.Bf6 Re8 24.c3 Ne6 25.Nf3 Qd7 26.Bxg7 Kxg7 27.d4 Qd8 28.Qf2 cxd4 29.cxd4 Qe7
30.h4 c5 31.dxc5 Qxc5 32.Qxc5 Nxc5 33.Re3 Re7 34.Ng5 Ne6 35.Rxf7+ Rxf7 36.Nxe6+ Kg8
37.Ng5 Rf4 38.g3 Rd1+ 39.Kg2 Rd2+ 40.Kg1 Rff2 41.Rc3 Rc2 42.e6 Rxc3 43.Kxf2 Kf8
44.Nh3 Ke7 45.Nf4 Rc2+ 46.Kf3 Rxa2 47.Ke4 Kf6 48.e7 Kxe7 49.Nxg6+ Kf7 50.Ne5+ Ke6  0-1

[Event "Grand Europe Open Albena"]
[Site "Albena BUL"]
[Date "2013.06.01"]
[Round "1.57"]
[White "Sukandar,I"]
[Black "Simeonov,Svetoslav"]
[Result "1-0"]
[WhiteElo "2364"]
[BlackElo "1819"]

1.e4 c5 2.Nf3 Nc6 3.Bb5 Qb6 4.Ba4 Qa6 5.c3 d6 6.d3 b5 7.Bc2 Bg4 8.h3 Bh5
9.Nbd2 Nf6 10.Nf1 Ne5 11.Ng3 Bxf3 12.gxf3 g6 13.O-O Bg7 14.f4 Nc6 15.Be3 Nd7
16.d4 cxd4 17.cxd4 O-O 18.e5 Nb4 19.Bb3 dxe5 20.dxe5 Rad8 21.Qe2 Qb7 22.Rfd1 e6
23.a4 bxa4 24.Rxa4 Nc6 25.Bc2 Nb6 26.Bxb6 Qxb6 27.Ne4 Nd4 28.Qd3 Nxc2 29.Qxc2 Rxd1+
30.Qxd1 Rd8 31.Qc2 Bf8 32.Rc4 Rb8 33.Nf6+ Kg7 34.Nd7 Qxb2 35.Nxb8 Qxb8 36.Qd2 a5
37.Qxa5 Qb3 38.Qc3 Qb1+ 39.Kg2 Qb7+ 40.Qf3 Qb5 41.Rc7 Qb4 42.Kg3 h5 43.Qb7 Qxb7
44.Rxb7 Bc5 45.Kf3 Bd4 46.Rd7 Bb6 47.Rb7 Bc5 48.Rc7 Bb6 49.Rc2 Ba7 50.Ke4 Bb6
51.Kd3 Bd8 52.Kc4 Bh4 53.Kc5 Be7+ 54.Kc6 f6 55.Kd7 Kf7 56.Rc6 fxe5 57.fxe5 Bh4
58.Rxe6 Bg5 59.Re8 Bh4 60.e6+ Kg7 61.e7  1-0

[Event "35th Nezhmetdinov Cup"]
[Site "Kazan RUS"]
[Date "2013.06.01"]
[Round "2.33"]
[White "Sadykov,Ra"]
[Black "Rivonenko,Vladislav"]
[Result "1-0"]
[WhiteElo "2250"]
[BlackElo "2026"]

1.e4 c5 2.Nf3 Nc6 3.Bb5 g6 4.Bxc6 dxc6 5.h3 Bg7 6.d3 Nf6 7.O-O O-O 8.Nc3 e5
9.Be3 b6 10.Qd2 Re8 11.Nh2 Ba6 12.b3 Qe7 13.Bh6 Rad8 14.Bxg7 Kxg7 15.Qe3 Qd6
16.Ne2 b5 17.Rad1 Qe7 18.c4 bxc4 19.dxc4 Bc8 20.Nf3 Nd7 21.Nc3 Nb6 22.Qc1 h5
23.Rxd8 Rxd8 24.Rd1 f6 25.Ne1 Nd7 26.Qa3 a6 27.Qa5 g5 28.Nc2 Rg8 29.Qc7 g4
30.Ne3 Kh8 31.hxg4 hxg4 32.Nf5 Qh7 33.Qxc6  1-0

[Event "Icelandic Open Championship 2013"]
[Site "Reykjavik ISL"]
[Date "2013.06.01"]
[Round "3.11"]
[White "Steingrimsson,H"]
[Black "Fridgeirsson,D"]
[Result "1-0"]
[WhiteElo "2558"]
[BlackElo "1782"]

1.e4 c5 2.Nf3 Nc6 3.Bb5 e6 4.O-O Nge7 5.Re1 a6 6.Bf1 d5 7.exd5 Nxd5 8.d4 cxd4
9.Nxd4 Be7 10.Nxc6 bxc6 11.c4 Nf6 12.Qxd8+ Bxd8 13.g3 Ba5 14.Bg2 Bb7 15.Bd2 Bxd2
16.Nxd2 Kd7 17.b4 Kc7 18.Nb3 Rab8 19.Rad1 Rhd8 20.Kf1 Ng8 21.f4 g6 22.Ke2 h5
23.Be4 Nf6 24.Bf3 Nd7 25.a3 Nb6 26.Rc1 Na4 27.Na5 Ba8 28.c5 Rd7 29.Red1 Rbd8
30.Rxd7+ Rxd7 31.Rc2 Rd8 32.Be4 Rd5 33.Bd3 e5 34.Bc4  1-0

[Event "FSFMA June 2013"]
[Site "Budapest HUN"]
[Date "2013.06.02"]
[Round "2.6"]
[White "Farkas,R"]
[Black "Rabovszky,G"]
[Result "1-0"]
[WhiteElo "2198"]
[BlackElo "1913"]

1.e4 c5 2.Nf3 Nc6 3.Bb5 a6 4.Bxc6 dxc6 5.d3 Bg4 6.h3 Bxf3 7.Qxf3 e6 8.O-O Qf6
9.Qg3 h5 10.a4 h4 11.Qc7 Qe7 12.Qb6 g5 13.Nd2 Nf6 14.f3 Bg7 15.Nc4 Nd7 16.Qxb7 Bd4+
17.Kh1 O-O 18.c3 Rab8 19.Qxc6 Be5 20.a5 Rbc8 21.Qxa6 g4 22.fxg4 Bb8 23.Bf4 e5
24.Be3 Rfd8 25.Rf5  1-0